Lettres de l'alphabet hébraïque - Statistiques

Statistiques générales
  • Ce quiz a été pris 36 fois
  • Le résultat moyen est 10 sur 22
Statistiques - réponses
Réponse % Correct
א aleph
100%
ב beth
100%
ג gimel
71%
ד dalet
57%
ה he
57%
ל lamed
57%
ש shin
57%
ט tet
57%
ח het
43%
מ mem
43%
נ nun
43%
ו vav
43%
י yod
43%
ז zayin
43%
ע ayin
29%
כ kaf
29%
ק qof
29%
פ pe
14%
ר resh
14%
ת tav
14%
צ tsade
14%
ס samech
0%
Aucun quiz correspondant
Distribution des résultats
% des personnes avec chaque résultat
Percentile par nombre de réponses
Votre historique - résultats
Vous n’avez pas pris ce quiz